000 00548nam a22001817a 4500
005 20251108171207.0
008 250721s1988 xx 000 0 ara d
082 1 4 _a615.1/حكم
100 1 _aراشد، حكمت عزت
245 1 0 _aالصيدلة لطلاب معاهد المهن الصحية العالية في العراق /
250 _aط3.
264 1 _aبغداد :
_bوزارة الصحة،
_c1988.
300 _aج
650 1 7 _aالصيدلة
700 1 _aالعاني، خالد علي
942 _2ddc
_cBK
999 _c59011
_d59011